Paroles ABBA - Mamma mia - Statistiques

Statistiques générales
  • Ce quiz a été pris 1 177 fois
  • Le résultat moyen est 203 sur 298
Statistiques - réponses
Hint Réponse % Correct
a
96%
I
96%
you
92%
You
92%
Mamma mia
91%
go
90%
hear
90%
again
89%
can
84%
how
82%
my
82%
My
82%
here
81%
do
80%
an
77%
be
77%
know
77%
the
77%
we
77%
by
76%
resist
76%
me
75%
when
75%
it
74%
So
74%
don't
73%
and
72%
And
72%
Look
71%
look
71%
now
71%
ever
70%
to
70%
let
69%
mind
69%
been
68%
| . I've
68%
at
67%
just
67%
since
67%
control
66%
end
64%
lose
64%
One
64%
but
63%
cheated
63%
made
63%
up
63%
come
62%
show
62%
soul
62%
does
60%
fire
60%
more
60%
day
58%
everything
58%
will
57%
much
56%
must
56%
There's
56%
forget
55%
Why
55%
why
55%
Yes
55%
did
54%
missed
53%
really
52%
learn
50%
never
50%
suddenly
50%
bell
49%
ring
49%
within
49%
parted
48%
that
47%
brokenhearted
45%
think
45%
Blue
42%
could
40%
sad
40%
can't
38%
angry
37%
not
37%
things
35%
all
33%
about
32%
I'm
31%
times
30%
count
29%
door
26%
strong
26%
too
26%
we're
25%
long
23%
slam
21%
away
20%
it's
20%
won't
20%
if
19%
through
18%
or
17%
game
15%
play
15%
say
15%
leave
14%
even
13%
told
13%
forever
12%
doesn't
11%
mean
11%
Bye-bye
7%
Aucun quiz correspondant
Distribution des résultats
% des personnes avec chaque résultat
Percentile par nombre de réponses
Votre historique - résultats
Vous n’avez pas pris ce quiz